Find the 'E' Countries Quiz Stats

 Plays Quiz Updated Jul 2, 2018

Challenge
Share
Tweet
Score 0/8 Timer 01:30
9 Plays Today
% Correct
Ecuador
81.2%
Estonia
77.3%
Eritrea
76.4%
Ethiopia
75%
Egypt
64.6%
El Salvador
58.5%
Equatorial Guinea
49.1%
eSwatini
3.3%

You're not logged in!

Compare scores with friends on all Sporcle quizzes.
Join for Free
OR
Log In

You Might Also Like...

Show Comments

Extras

Top Quizzes Today


Score Distribution

Your Account Isn't Verified!

In order to create a playlist on Sporcle, you need to verify the email address you used during registration. Go to your Sporcle Settings to finish the process.

Report this User

Report this user for behavior that violates our Community Guidelines.

Details: